000 00576nam a2200193 a 4500
005 20140310183532.0
008 111005s19uu xx 00 eng d
020 _a9789710172207
050 _aPN 2916.M3
_b.B84 2010
100 _aBuenaventura, Cristina Laconico.
245 _aThe theater in Manila :
_b1846-1946 /
_cCristina Laconico-Buenaventura.
250 _a2nd ed.
260 _aQuezon City :
_bC & E,
_c2010.
300 _a243 p. :
_bill. ;
_c24 cm.
521 _aMC
650 _aTheater
_xPhilippines
_xManila
_xHistory
942 _cBK
_2lcc
_kLOC
999 _c24634
_d24634